| 000 | 00735nam a22001937a 4500 | ||
|---|---|---|---|
| 999 |
_c13323 _d13323 |
||
| 003 | AR-CdUCM | ||
| 008 | 190412b ||||| |||| 00| 0 spa d | ||
| 040 |
_aMUNICIPALIDAD PROVINCIAL DEL CUSCO _cBIBLIOTECA MUNICIPAL DEL CUSCO |
||
| 082 |
_aC / 349.853 / _bB35 |
||
| 100 |
_aBeltran Caceres, Miguel E. _931687 |
||
| 245 | _aLegislación indígena / | ||
| 260 |
_aCuzco : _bGarcilaso, _c1957. |
||
| 300 |
_a253 páginas ; _c21.5 cm. |
||
| 505 | _aContenido: De la constitución del estado -- Del código de procedimiento civiles -- Del código penal -- Del código de minería -- Ley de derecho judiciales ... | ||
| 650 |
_aLegislación indígena _931688 |
||
| 650 |
_aLeyes _94808 |
||
| 942 |
_2ddc _cLIBROS |
||
| 945 |
_aacv _d2019-04-12 |
||